Представление документа в формате RUSMARC

ПолеНазваниеЗначение
  Тип записи a
  Библиографический уровень m
001 Контрольный номер faec40d1f3f14460a914f1136791d514
005 Дата корректировки 20260626095618.3
010 Индекс ISBN __
a ISBN 978-5-7133-1776-8
9 Тираж 1000 экз.
b Уточнения в пер.
100 Данные общей обработки __
a Данные общей обработки 20260625d2025 m y0rusy028902 ca
101 Язык документа 0_
a Язык текста rus
102 Страна публикации __
a Страна публикации RU
105 Кодированные данные (монография) __
a Кодированные данные (монография) ac z 000yy
181 Поле кодированных данных: вид содержания _0
a Код вида содержания (ISBD) i
182 Поле кодированных данных: тип средства _0
a Код типа средства (ISBD) n
200 Заглавие и сведения об ответственности 1_
a Заглавие Этикет
e Сведения, относящиеся к заглавию дресс-коды внешнего вида
f Первые сведения об ответственности Альбина Холгова
g Последующие сведения об ответственности иллюстрации Ирины Давыдовой
203 Вид содержания и тип средства __
a Вид содержания Текст
c Тип средства непосредственный
210 Выходные данные 1_
a Место издания Москва
c Издательство Международные отношения
d Дата издания 2025
215 Физическое описание __
a Объем 90, [4] с.
c Иллюстрации/тип воспроизводства ил., портр.
d Формат 27 см
330 Аннотация __
a Аннотация Из-за какой обуви уволили сотрудницу аудиторской компании в Лондоне? Какая одежда подчеркнёт недостатки фигуры? Какой высоты каблук считается эталонным? Почему поверх перчаток нельзя надевать кольца? А теперь о мужчинах. Кому, согласно правилам дресс-кодов, разрешено носить костюм чёрного цвета? Какой всё-таки длины должен быть галстук у современного делового человека? Почему президенты стран и крупные политики не носят коричневые туфли? И как не оказаться на месте премьера Албании, которого не допустили к официальной фотосессии с вице-президентом США из-за неподобающего внешнего вида? Эта книга – прекрасный подарок себе или близким, она ответит на все ваши вопросы относительно того, как выглядеть на самых важных деловых встречах, как одеваться в офис, а также раскроет секреты идеального ансамбля одежды для вечерних мероприятий, свиданий и прогулок.
606 Тематические рубрики __
2 Код системы nlr_sh
a Основная рубрика Этика
606 Тематические рубрики __
2 Код системы nlr_sh
a Основная рубрика Нравственное поведение
610 Ключевые слова 0_
a Ключевые слова культура одежды
610 Ключевые слова 0_
a Ключевые слова деловая одежда
610 Ключевые слова 0_
a Ключевые слова деловой этикет
610 Ключевые слова 0_
a Ключевые слова дресс-код
610 Ключевые слова 0_
a Ключевые слова верхняя одежда
610 Ключевые слова 0_
a Ключевые слова мужской дресс-код
610 Ключевые слова 0_
a Ключевые слова женский дресс-код
610 Ключевые слова 0_
a Ключевые слова макияж
610 Ключевые слова 0_
a Ключевые слова солнцезащитные очки
610 Ключевые слова 0_
a Ключевые слова культура поведения
610 Ключевые слова 0_
a Ключевые слова этика делового общения
610 Ключевые слова 0_
a Ключевые слова личная эффективность
610 Ключевые слова 0_
a Ключевые слова эффективность бизнеса
610 Ключевые слова 0_
a Ключевые слова этикет
610 Ключевые слова 0_
a Ключевые слова саморазвитие
610 Ключевые слова 0_
a Ключевые слова светский этикет
686 Индексы других классификаций __
a Классификационный индекс 87.78; ст87.78
2 Код системы rubbks
700 Автор _1
a Фамилия Холгова
b Имя А.
g Полное личное имя Альбина
4 Код отношения 070
702 Вторичная интеллектуальная ответственность _1
a Фамилия Давыдова
b Имя И.
g Полное личное имя Ирина
4 Код отношения 440
801 Источник записи _1
a Страна RU
b Организация Муниципальное бюджетное учреждение культуры "Централизованная библиотечная система" г. Сургут (Центральная городская библиотека им. А. С. Пушкина)
c Дата составления 20260625
g Правила каталогизации PSBO
801 Источник записи _2
a Страна RU
b Организация Муниципальное бюджетное учреждение культуры "Централизованная библиотечная система" г. Сургут (Центральная городская библиотека им. А. С. Пушкина)
c Дата составления 20260625
g Правила каталогизации PSBO
852 Данные о местонахождении __
i Авторский знак Х 71
j Шифр хранения 87.78
901 Тип документа __
a Ответственный ООФиК/Волкова
t Тип документа m
901 Тип документа __
a Ответственный без партии
903 Характеристики (МАРС) __
a Дата передачи 20260625
c Наименование библиотеки (МАРС) Муниципальное бюджетное учреждение культуры "Централизованная библиотечная система" г. Сургут (Центральная городская библиотека им. А. С. Пушкина)
969 Тип издания __
a Тип издания популярное издание